| 000 | 01012cab a2200217 4500 | ||
|---|---|---|---|
| 001 | ABS68633 | ||
| 008 | 050114n2004 000 0 eng u | ||
| 035 | _a(Sirsi) u128525 | ||
| 100 | _aBlackman, D. | ||
| 245 | _aSky-high potential | ||
| 260 | _c2004 | ||
| 490 |
_aInside Housing _v21(48) 3 December 2004, 22-23(2) |
||
| 520 | _aLooks at the use of tower blocks, traditionally seen as housing of last resort, as homes for first-time buyers. Focuses on the work of Manchester-based property developer Legendary Property Company (LPC), which originally purchased tower blocks with a view to capitalising on land values but instead refurbished them, let them out at cheap rents and achieved 100% occupancy. LPC is now looking to expand beyond its northwest England territory into the Midlands, Yorkshire, Scotland and London. | ||
| 590 | _aABS | ||
| 650 | _aTOWER BLOCKS | ||
| 650 | _aFIRST-TIME BUYERS | ||
| 650 | _aREGENERATION | ||
| 650 | _aPROPERTY DEVELOPMENT | ||
| 690 | _aHOUSING | ||
| 942 | _n0 | ||
| 999 |
_c74717 _d74717 |
||